TORQUE CONTROL IN CONVEYER DRIVES WITH MULTIPLE INDUCTION MOTORS

Bibliographic Details
Main Authors: Onea, Alexandru (Author), Graur, Julian (Author), Horga, Vasile (Author)
Format: Article
Language:English
ISBN:8088896088

MARC

LEADER 00000naa a2200000uu 4500
001 vtls010960876
003 SK-MaSNL
005 20260302120937.0
008 210906|1997 xo |||||||||||||||||eng|
015 |a SNBRA 
035 |a (urnnbn)urn:nbn:sk:snk:ar-a0broh 
035 |a (uuid)a4b777fc-9549-4c58-8338-2ab1668b35e1 
035 |a urn:nbn:sk:snk-aaujcg 
040 |a SNKBUCL  |b slo  |c SNKBUCL  |e AACR2 
041 0 |a eng 
044 |a xo  |c SK 
100 1 |a Onea, Alexandru  |4 aut  |9 802235 
245 1 0 |a TORQUE CONTROL IN CONVEYER DRIVES WITH MULTIPLE INDUCTION MOTORS  |c Alexandru Onea, Julian Graur, Vasile Horga 
700 1 |a Graur, Julian  |4 aut  |9 802236 
700 1 |a Horga, Vasile  |4 aut  |9 802237 
773 0 |t Riadenie procesov získavania a spracovania surovín. Sekcia č. 6  |d Košice : Štroffek, 1997  |g S. 57-60  |z 8088896088 
958 |a OND 
958 |a article11 
958 |a chapter 
999 |c 1272011  |d 1273941